000 01018nam a2200265Ia 4500
003 OSt
005 20221005103338.0
006 a|||||r|||| 00| 0
007 ta
008 221004b |||||||| |||| 00| 0 san d
020 _c100
024 _a22629
037 _b63, 27/01/2015, Motilal Banarsidass Publishers Pvt. Ltd.
_cTextual
040 _aCRL
_cCRL
_bsan
041 _2san
_asan
082 _aQ3.23743, 152Q4
100 _aजैन, ए. एल.
245 0 _aअतुल्य जैन धर्म एवं गढ़ चित्तौड़
246 _aAtulya jain dharma evan gaढ़ chittauड़
260 _aचित्तौड़गढ़
_bश्री जैन श्वेताम्बर सातबीस देवरी भारत
_c2014
300 _a100पृ0
_ccm.
650 _aधर्म
942 _hQ3.23743, 152Q4
_cTEXL
_2cc
999 _c1009898
_d1009898